[Event "Stay Safe Play From Home 214"]
[Site "T#646695Emanuel Laske"]
[Date "2020.06.10"]
[Round "7"]
[White "Castlingarrocco"]
[Black "Toosieslide"]
[Result "1/2-1/2"]
[WhiteElo "2055"]
[BlackElo "2254"]
[Annotator "TA"]
[PlyCount "97"]
[EventDate "2020.06.10"]
[EventType "swiss (blitz)"]

{[%evp 9,97,-20,27,-17,9,5,18,0,20,25,43,10,14,-35,-34,-42,-35,-60,-52,-116,-110,-105,-95,-158,-108,-107,-103,-99,-93,-211,-221,-229,-232,-404,-400,-380,-319,-329,-312,-766,-748,-1152,-808,-816,1419,1412,2471,2302,29989,1991,29991,29991,29991,29991,29992,29993,29993,1313,1263,1235,29989,1145,2131,977,29987,1828,29989,29990,29991,29992,29993,29992,29992,1117,1061,957,6170,-691,1097,26,26,26,33,-29975,37,0,32,26,33,0]} 1. g3 d5 2. Bg2 c6 3. d3 Nf6 4. Nd2 Bf5 5. f4 e6 {[#]} (5... Ng4 $5 {[%cal Rg4e3]} 6. Nb3 Qb6 $11) 6. e3 $146 {A00: Irregular Openings.} ({Predecessor:} 6. c3 Bd6 7. Ngf3 Nbd7 8. Nh4 Bg4 9. Qc2 Bc5 10. Nb3 Be7 11. Be3 Bh5 12. h3 {1-0 (31) Gelzinnus,S (1520)-Dunkel,H (1575) Brakel 2003}) 6... h6 7. Qe2 Be7 8. e4 {The position is equal.} dxe4 9. dxe4 Bh7 10. c3 O-O 11. Ngf3 Nbd7 12. e5 Nd5 13. O-O Nc5 14. Nd4 (14. Ne1 $15) 14... Bd3 $36 {[%mdl 2112] Skewer. Black is in control.} 15. Qf2 Bxf1 16. Nxf1 (16. Bxf1 $142 a5 17. a4) 16... Nd7 {[%cal Bc5d7,Bd7b6,Bb6d5][%mdl 32]} 17. Ne3 Nxe3 18. Bxe3 Nb6 19. g4 (19. Nb3 $17) 19... Nd5 $19 20. Bd2 Qb6 21. Rf1 $2 (21. Nb3) 21... Qxb2 {[%mdl 64] Double Attack} 22. f5 exf5 23. gxf5 Bg5 24. f6 $2 (24. Bxg5 Qxf2+ 25. Kxf2 hxg5 26. Rb1) 24... Qxd2 25. Qg3 Qe3+ 26. Kh1 Qe4 $4 {[%mdl 8192]} (26... Qxg3 $19 27. hxg3 Nxc3 28. fxg7 Rfe8) 27. Bxe4 $18 gxf6 28. h4 {[%mdl 64] Pin} Ne3 29. Re1 (29. Rxf6 $142 Kg7 30. hxg5 h5 31. Qxe3 Rad8 32. Qf3 Rd7 33. Rh6 Rd6 34. Nf5+ {[%mdl 64] Double Attack} Kg8 35. Ne7+ Kg7 36. Rh7#) 29... Nc4 30. hxg5 fxg5 31. Qf3 Nxe5 32. Qf5 {[%csl Ge4][%cal Rf5h7]} Ng6 33. Rg1 (33. Qf6 $142 Ne7 34. Qxh6 f5 35. Bd5+ $1 {[%mdl 512]} cxd5 36. Rxe7 Rf7 37. Qxg5+ {[%mdl 64] Double Attack} Kh8 38. Rxf7 Rg8 39. Qh6#) 33... Rae8 34. Bd3 {Intending Qf6 and mate.} Re5 35. Qf2 (35. Qf6 $142 Nf4 36. Qxf4 f6 37. Qh2 Kf7 38. Qxh6 Ke7 39. Rb1 Rb8 40. Qg7+ Kd6 41. Qxf6+ Kd7 42. Qxe5) 35... Rfe8 36. Rf1 R8e7 37. Nf5 (37. Bxg6 $142 fxg6 38. Qf8+ {[%mdl 64] Double Attack} Kh7 39. Rf7+ Rxf7 40. Qxf7+ {[%mdl 64] Double Attack} Kh8 41. Qf6+ Kg8 42. Qxe5) 37... Rd7 38. Nxh6+ {[%mdl 64] Double Attack, Discovered Attack} Kg7 39. Nxf7 Ree7 40. Nxg5 Rxd3 41. Qf5 (41. Qf6+ $142 Kh6 42. Rg1 Rg3 43. Rxg3 Re1+ 44. Kg2 Kh5 45. Rh3+ Nh4+ 46. Rxh4+ $1 {[%mdl 512]} Kxh4 47. Nh7+ Kh5 48. Qg5#) 41... Rd6 42. Rf2 Re1+ 43. Kg2 $4 {[%mdl 8192]} (43. Kh2 $18 Re7 44. Ne4) 43... Re7 $4 {[%mdl 8192]} (43... Nh4+ $19 44. Kh3 Nxf5 45. Rxf5 Kg6) 44. Ne6+ $2 (44. Kh2 $18 a5 45. Ne4) 44... Rdxe6 $11 45. Qg4 Re5 46. Qf3 $2 {[%mdl 8192]} (46. Qd4 $14) 46... R5e6 $2 (46... Nh4+ {mates} 47. Kg3 Nxf3 48. Rxf3 Ra5 49. Rf2 Re3+ 50. Kf4 Rxc3 51. Rd2 Kf6 52. Rd6+ {[#]} Ke7 $1 {[%mdl 512]} 53. Rd2 Rc4+ 54. Kg3 Ra3+ 55. Kf2 Rca4 56. Re2+ Kd6 57. Re8 a5 58. Rh8 b5 59. Re8 Rxa2+ 60. Ke3 b4 61. Rf8 b3 62. Rf6+ Ke7 63. Rf1 Ra1 64. Rf2 R4a2 65. Rxa2 bxa2 66. Ke2 Rg1 67. Kf3 a1=Q 68. Kf4 Qc3 69. Ke4 Rg4+ 70. Kf5 Qf3+ 71. Ke5 Qf6#) 47. Qg4 {[%mdl 1024] White has compensation.} Kh6 48. Qh3+ Kg7 49. Qg4 {Accuracy: White = 29%, Black = 41%.} 1/2-1/2

[Event "Stay Safe Play From Home 214"]
[Site "T#646695Emanuel Laske"]
[Date "2020.06.10"]
[Round "7"]
[White "Lazieri3"]
[Black "Matanant"]
[Result "1-0"]
[WhiteElo "1976"]
[BlackElo "1620"]
[Annotator "TA"]
[PlyCount "81"]
[EventDate "2020.06.10"]
[EventType "swiss (blitz)"]

{[%evp 9,81,57,83,75,119,116,143,125,218,164,393,-30,-33,-61,538,498,597,588,580,537,536,476,532,457,606,567,620,545,622,431,540,433,715,612,29987,29988,29986,29987,29991,29990,29990,1787,1579,847,838,718,713,712,897,863,29981,592,29990,677,29986,29987,29987,29988,29988,29989,29989,29990,29991,29990,29990,29990,29990,29990,29990,29990,29990,29991,29991,29992]} 1. e4 e6 2. Nc3 d6 3. Nf3 g6 4. d4 Bg7 5. Be3 Ne7 6. Qd2 {B06: Modern Defence.} O-O 7. Bh6 Nd7 8. h4 {[#] White is clearly better.} Nf6 $146 {[#]} (8... f6 $16) ({Predecessor:} 8... f6 9. O-O-O Rf7 10. Kb1 Qf8 11. Bxg7 Qxg7 12. Nb5 Nc6 13. Nxc7 Rb8 14. Nxe6 Qh8 {1-0 (32) Bellaiche,E (2121)-Dimitrova,S (1586) Montpellier 2015}) 9. h5 $1 {[%mdl 512] Bxg7 is the strong threat.} Nxh5 $2 (9... Bxh6 {is a better defense.} 10. Qxh6 Ng4) 10. Rxh5 $2 (10. g4 $18) 10... gxh5 $11 11. Bxg7 Ng6 $2 {[%mdl 8192] Black cannot hold the game after this.} (11... Kxg7 $15 {stays ahead.} 12. Qg5+ Ng6 13. Qxh5 f5) 12. Bxf8 Kxf8 13. Qh6+ {[%mdl 64] Double Attack} Kg8 14. Ng5 Qf6 15. Qxh7+ Kf8 16. Qxh5 {Black must now prevent Nh7+.} Ke7 17. O-O-O Qf4+ 18. Kb1 Bd7 19. Bb5 c6 20. Bc4 Qxf2 (20... Rh8 $142) 21. Rf1 Qxg2 22. Rxf7+ Kd8 23. a3 Nf4 24. Qh8+ Kc7 25. Nxe6+ (25. Qxa8 $142 Qh1+ 26. Ka2 $1 {[%mdl 512]} Qh5 27. Rf8 Qe8 28. Rxe8 Bxe8 29. Qxe8 a6 30. Nxe6+ Nxe6 31. Bxe6) 25... Nxe6 $18 26. Rxd7+ Kxd7 27. Bxe6+ Kxe6 28. Qxa8 {[%mdl 64] Hoping for Qe8+. Double Attack} Qg1+ 29. Ka2 Qxd4 30. Qxb7 (30. Qe8+ $142 Kf6 31. Qh8+ Ke6 32. Qxd4 a5 33. Qb6 {[%mdl 64] Double Attack} c5 34. Qxb7 Ke5 35. Qe7+ Kf4 36. Qxd6+ {[%mdl 64] Double Attack} Kf3 37. e5) 30... Ke5 31. Qb3 (31. Qg7+ $142 Ke6 32. Qxd4 a6 {[#]} 33. Qc4+ $1 {[%mdl 576] Double Attack} Ke7 34. Qxc6 Kf6 35. Qxd6+ Kg5 36. Nd5) 31... Kf4 32. Ne2+ {[%mdl 64] Double Attack. White mates.} Ke5 33. Nxd4 Kxd4 34. Qa4+ {[%mdl 64] Double Attack} Ke5 35. Qxa7 d5 36. Qb7 dxe4 37. Qxc6 Kf4 38. Qe8 Kf3 39. a4 {[%cal Ba3a4,Ba4a5,Ba5a6][%mdl 32]} e3 40. a5 e2 41. a6 {Accuracy: White = 46%, Black = 23%.} 1-0

[Event "Stay Safe Play From Home 214"]
[Site "T#646695Emanuel Laske"]
[Date "2020.06.10"]
[Round "7"]
[White "Grizzzly"]
[Black "Haxhi Baha"]
[Result "0-1"]
[WhiteElo "1777"]
[BlackElo "1965"]
[Annotator "TA"]
[PlyCount "44"]
[EventDate "2020.06.10"]
[EventType "swiss (blitz)"]

{[%evp 12,44,41,39,102,-18,-19,-27,-25,-31,-34,-33,0,-47,-55,-52,-43,-156,-13,-177,-179,-180,-163,-660,-666,-754,-740,-1137,-1086,-1051,-918,-1075,-1039,-29991,-29992]} 1. d4 d5 2. c4 e5 3. dxe5 d4 4. Nf3 Nc6 5. g3 Nge7 6. Bg2 Ng6 7. O-O Bg4 {D09: Albin Counter Gambit: Main line with 5 g3.} (7... Ngxe5 $14 8. Nxe5 Nxe5) 8. Bg5 (8. h3 $16 Be6 9. Qb3) 8... Qd7 $1 $11 9. Nbd2 h6 {[#] Black has an edge.} 10. Bf4 $146 ({Predecessor:} 10. Bh4 Ncxe5 11. Nxe5 Nxe5 12. f4 Nc6 13. Qb3 Rb8 14. e3 f6 15. Bxc6 Qxc6 16. exd4 {1-0 (26) Sampaoli,C-Jimenez,J (2195) Buenos Aires 2004}) 10... Nxf4 11. gxf4 Bh3 12. Ne4 Bxg2 13. Kxg2 Qg4+ 14. Kh1 (14. Ng3 $15 Qxf4 15. a3) 14... O-O-O ({Better is} 14... Qxf4 $17 15. Ng3 O-O-O) 15. e3 $2 {[#] White does not recover from this.} (15. Qc1 $11) 15... dxe3 $19 16. Qe2 Qxf4 17. fxe3 $2 (17. Qxe3 Qxe3 18. fxe3) 17... Qxe4 18. Rad1 Bc5 19. Kg1 Bxe3+ 20. Kh1 Nxe5 {[#] White must now prevent ...Rxd1.} 21. Rxd8+ Rxd8 22. Kg2 Rd2 {Accuracy: White = 16%, Black = 62%.} 0-1

[Event "Stay Safe Play From Home 214"]
[Site "T#646695Emanuel Laske"]
[Date "2020.06.10"]
[Round "8"]
[White "Mepe_Nika"]
[Black "Lazieri3"]
[Result "1-0"]
[WhiteElo "2389"]
[BlackElo "1980"]
[Annotator "TA"]
[PlyCount "33"]
[EventDate "2020.06.10"]
[EventType "swiss (blitz)"]

{[%evp 9,33,-1,-7,3,-2,-18,-14,-14,-27,-18,19,16,27,-29,1,-57,-2,-131,0,-137,250,39,490,295,419,-1004]} 1. a3 c6 2. b4 d5 3. Bb2 Nf6 4. e3 Bg4 5. Be2 Bxe2 6. Qxe2 {[#] A00: Irregular Openings.} Nbd7 $146 ({Predecessor:} 6... e6 7. c4 Nbd7 8. cxd5 cxd5 9. Nf3 Bd6 10. Nc3 O-O 11. O-O Rc8 12. Rac1 a6 {½-½ (50) Koester,R (1976)-Nagel,B (2113) Frankfurt 2004}) 7. f4 e6 8. Nf3 {The position is equal.} a5 9. b5 cxb5 10. Qxb5 Bd6 11. Ne5 (11. O-O $142) 11... O-O (11... Bxe5 $5 12. Bxe5 O-O $15) 12. O-O (12. Nf3 $11) 12... Rc8 (12... Qb6 $15 13. Qxb6 Nxb6) 13. Nc3 (13. Nf3 $11 {keeps the balance.}) 13... h6 ({Black should try} 13... Nxe5 $17 14. fxe5 Bxe5) 14. Rab1 (14. Nxd7 $11 Nxd7 15. Qe2) 14... Ne4 $2 {[%mdl 8192] [#]} (14... Nxe5 $17 15. fxe5 Bxe5) 15. Nxe4 $2 ({Worse is} 15. Qxd7 Bxe5 16. Qxd8 Rfxd8 $11) (15. Nxd7 $18 Nxd2 16. Nxf8 Bxf8 17. Ne2 (17. Qxb7 d4 $11)) 15... dxe4 $4 {[%mdl 8192]} (15... Bxe5 $1 $14 16. fxe5 dxe4) 16. Qxd7 Bxe5 (16... Qxd7 $142 17. Nxd7 Rfd8) 17. Qxf7+ $4 {[%mdl 40960] Accuracy: White = 19%, Black = 12%. . Loss on time!?} (17. Qxd8 $18 Rfxd8 18. Bxe5 {[%mdl 64] Discovered Attack}) 1-0

[Event "Stay Safe Play From Home 214"]
[Site "T#646695Emanuel Laske"]
[Date "2020.06.10"]
[Round "8"]
[White "Toosieslide"]
[Black "BrainThinker22"]
[Result "0-1"]
[WhiteElo "2245"]
[BlackElo "2222"]
[Annotator "NA RC"]
[PlyCount "182"]
[EventDate "2020.06.10"]
[EventType "swiss (blitz)"]

1. d4 {[%emt 0:00:01]} c5 {[%emt 0:00:01]} 2. c4 {[%emt 0:00:00]} cxd4 {[%emt 0:00:00]} 3. Qxd4 {[%emt 0:00:00]} Nc6 {[%emt 0:00:00]} 4. Qd2 {[%emt 0:00:00]} Nf6 {[%emt 0:00:01]} 5. Nc3 {[%emt 0:00:00]} g6 {[%emt 0:00:00]} 6. b3 {[%emt 0:00:01]} Bg7 {[%emt 0:00:00]} 7. Bb2 {[%emt 0:00:00]} O-O {[%emt 0:00:00]} 8. Nf3 {[%emt 0:00:00]} d6 {[%emt 0:00:00]} 9. e3 {[%emt 0:00:00]} Be6 {[%emt 0:00:00]} 10. Be2 {[%emt 0:00:01]} Rc8 {[%emt 0:00:00]} 11. O-O {[%emt 0:00:01]} Qd7 {[%emt 0:00:00]} 12. Rad1 {[%emt 0:00:02]} a6 {[%emt 0:00:00]} 13. Nd4 {[%emt 0:00:01]} Nxd4 {[%emt 0:00:03]} 14. exd4 {[%emt 0:00:01]} d5 {[%emt 0:00:00]} 15. c5 {[%emt 0:00:02]} Rfd8 {[%emt 0:00:01]} 16. Na4 {[%emt 0:00:01]} Qc6 {[%emt 0:00:02]} 17. Nb6 {[%emt 0:00:01]} Rb8 {[%emt 0:00:01]} 18. b4 {[%emt 0:00:01]} Nd7 {[%emt 0:00:00]} 19. Nxd7 {[%emt 0:00:02]} Qxd7 {[%emt 0:00:00]} 20. Qc2 {[%emt 0:00:01]} Rdc8 {[%emt 0:00:01]} 21. a4 {[%emt 0:00:01]} Bf5 {[%emt 0:00:01]} 22. Qb3 {[%emt 0:00:03]} b6 {[%emt 0:00:02]} 23. Qa3 {[%emt 0:00:03]} bxc5 {[%emt 0:00:02]} 24. bxc5 {[%emt 0:00:00]} Qc6 {[%emt 0:00:02]} 25. Bc3 {[%emt 0:00:02]} Bd7 {[%emt 0:00:04]} 26. Rb1 {[%emt 0:00:02]} Qxa4 {[%emt 0:00:02]} 27. Qxa4 {[%emt 0:00:02]} Bxa4 {[%emt 0:00:00]} 28. Bxa6 {[%emt 0:00:00]} Re8 {[%emt 0:00:01]} 29. Rb6 {[%emt 0:00:03]} Bc2 {[%emt 0:00:04]} 30. Rc1 {[%emt 0:00:03]} Bf5 {[%emt 0:00:02]} 31. Ra1 {[%emt 0:00:02]} Ra8 {[%emt 0:00:01]} 32. Re1 {[%emt 0:00:05]} e6 {[%emt 0:00:01]} 33. h3 {[%emt 0:00:01]} h5 {[%emt 0:00:02]} 34. Bb5 {[%emt 0:00:01]} Reb8 {[%emt 0:00:01]} 35. Bc6 {[%emt 0:00:01]} Rxb6 {[%emt 0:00:01]} 36. cxb6 {[%emt 0:00:00]} Rb8 {[%emt 0:00:00]} 37. b7 {[%emt 0:00:00]} Bf6 {[%emt 0:00:04]} 38. Bb4 {[%emt 0:00:02]} Rd8 {[%emt 0:00:03]} 39. Bd6 {[%emt 0:00:01]} Kg7 {[%emt 0:00:00]} 40. b8=Q {[%emt 0:00:02]} Rxb8 {[%emt 0:00:00]} 41. Bxb8 {[%emt 0:00:00]} Bxd4 {[%emt 0:00:00]} 42. Be5+ {[%emt 0:00:00]} Bxe5 {[%emt 0:00:00]} 43. Rxe5 {[%emt 0:00:00]} Kf6 {[%emt 0:00:00]} 44. Re1 {[%emt 0:00:00]} Bd3 {[%emt 0:00:01]} 45. Ba4 {[%emt 0:00:00]} Bc4 {[%emt 0:00:00]} 46. Bd1 {[%emt 0:00:00]} Ke7 {[%emt 0:00:00]} 47. Bf3 {[%emt 0:00:00]} Kd6 {[%emt 0:00:01]} 48. g3 {[%emt 0:00:00]} Bb5 {[%emt 0:00:00]} 49. Kg2 {[%emt 0:00:00]} Bd7 {[%emt 0:00:00]} 50. h4 {[%emt 0:00:00]} f6 {[%emt 0:00:00]} 51. Rd1 {[%emt 0:00:00]} e5 {[%emt 0:00:00]} 52. Re1 {[%emt 0:00:00]} d4 {[%emt 0:00:00]} 53. Be2 {[%emt 0:00:00]} Kc5 {[%emt 0:00:01]} 54. Bf3 {[%emt 0:00:01]} Be6 {[%emt 0:00:00]} 55. Be4 {[%emt 0:00:00]} Bc4 {[%emt 0:00:00]} 56. Bf3 {[%emt 0:00:00]} Kb4 {[%emt 0:00:00]} 57. Be4 {[%emt 0:00:00]} Kc3 {[%emt 0:00:00]} 58. Bxg6 {[%emt 0:00:00]} d3 {[%emt 0:00:00]} 59. Bxd3 {[%emt 0:00:01]} Kxd3 {[%emt 0:00:01]} 60. Re3+ {[%emt 0:00:00]} Kd4 {[%emt 0:00:01]} 61. Kg1 {[%emt 0:00:01]} Bd5 {[%emt 0:00:01]} 62. Re1 {[%emt 0:00:01]} f5 {[%emt 0:00:00]} 63. Rd1+ {[%emt 0:00:00]} Kc5 {[%emt 0:00:00]} 64. Rc1+ {[%emt 0:00:00]} Kd6 {[%emt 0:00:00]} 65. Ra1 {[%emt 0:00:00]} f4 {[%emt 0:00:00]} 66. Ra6+ {[%emt 0:00:00]} Kc5 {[%emt 0:00:00]} 67. Ra8 {[%emt 0:00:00]} fxg3 {[%emt 0:00:00]} 68. Rc8+ {[%emt 0:00:00]} Kd4 {[%emt 0:00:00]} 69. fxg3 {[%emt 0:00:00]} Bf3 {[%emt 0:00:01]} 70. Kh2 {[%emt 0:00:00]} Bg4 {[%emt 0:00:00]} 71. Rf8 {[%emt 0:00:00]} Ke4 {[%emt 0:00:00]} 72. Rh8 {[%emt 0:00:00]} Kf3 {[%emt 0:00:00]} 73. Rg8 {[%emt 0:00:00]} e4 {[%emt 0:00:00]} 74. Rg5 {[%emt 0:00:00]} Ke3 {[%emt 0:00:00]} 75. Re5 {[%emt 0:00:00]} Kf2 {[%emt 0:00:00]} 76. Kh1 {[%emt 0:00:01]} e3 {[%emt 0:00:00]} 77. Re6 {[%emt 0:00:00]} Bf3+ {[%emt 0:00:00]} 78. Kh2 {[%emt 0:00:01]} Bg4 {[%emt 0:00:00]} 79. Re7 {[%emt 0:00:01]} e2 {[%emt 0:00:00]} 80. Rf7+ {[%emt 0:00:00]} Ke1 {[%emt 0:00:00]} 81. Re7 {[%emt 0:00:00]} Kd1 {[%emt 0:00:00]} 82. Rd7+ {[%emt 0:00:00]} Kc2 {[%emt 0:00:01]} 83. Re7 {[%emt 0:00:00]} Kd3 {[%emt 0:00:01]} 84. Kh1 {[%emt 0:00:00]} e1=Q+ {[%emt 0:00:01]} 85. Kh2 {[%emt 0:00:00]} Kd2 {[%emt 0:00:00]} 86. Rxe1 {[%emt 0:00:01]} Kxe1 {[%emt 0:00:00]} 87. Kg2 {[%emt 0:00:00]} Ke2 {[%emt 0:00:01]} 88. Kh2 {[%emt 0:00:00]} Kf2 {[%emt 0:00:00]} 89. Kh1 {[%emt 0:00:01]} Kxg3 {[%emt 0:00:00]} 90. Kg1 {[%emt 0:00:00]} Kxh4 {[%emt 0:00:00]} 91. Kh1 {[%emt 0:00:00]} Kg5 {[%emt 0:00:00] Time (Lag: Av=0.43s, max=0.9s)} 0-1

[Event "Stay Safe Play From Home 214"]
[Site "T#646695Emanuel Laske"]
[Date "2020.06.10"]
[Round "8"]
[White "Haxhi Baha"]
[Black "Lamborghini"]
[Result "0-1"]
[WhiteElo "1974"]
[BlackElo "2173"]
[Annotator "TA"]
[PlyCount "100"]
[EventDate "2020.06.10"]
[EventType "swiss (blitz)"]

{[%evp 11,100,18,32,-89,12,0,16,25,40,22,72,82,68,66,75,66,67,62,85,62,89,85,95,33,41,23,39,-16,-20,-16,-24,-29,-38,-21,-37,-28,-35,-40,0,-101,-59,-54,-38,-245,-233,-365,-366,-364,-320,-308,-291,-559,-554,-559,-547,-538,-412,-459,-452,-431,-396,-387,-312,-1195,-1152,-1012,0,0,0,-8,-8,-46,-8,-8,-8,-29986,-29987,-29987,-29988,-29988,-29989,-29989,-29990,-29992,-29993,-29993,-29991,-29991,-29992,-29992,-29991]} 1. e4 c5 2. Nf3 d6 3. d4 cxd4 4. Nxd4 Nf6 5. Nc3 g6 6. Be2 Bg7 7. g4 {B70: Sicilian Dragon: 6 g3 and 6 Be2 (without a later Be3).} (7. Be3 $14 {keeps the upper hand.}) 7... O-O (7... Bxg4 $17 8. Be3 Bxe2 9. Qxe2 O-O) 8. g5 $11 Nfd7 9. Be3 {The position is equal.} Nc6 10. h4 Nxd4 11. Bxd4 Bxd4 12. Qxd4 Qb6 $1 {[%cal Rb6d4] [#]} 13. O-O-O $146 ({Predecessor:} 13. Qd2 e6 14. O-O-O Qxf2 15. Qxd6 Qc5 16. Qh2 Qe5 17. Qh3 Nc5 18. Qg4 b5 19. a3 {1-0 (37) Cubas,J (2369)-Butti,E (2238) Asuncion 2002}) 13... Qxd4 14. Rxd4 Nb6 $1 15. f4 Be6 16. h5 Rfc8 17. hxg6 (17. Rdd1 $16) 17... hxg6 $14 18. Rd3 Kg7 19. f5 (19. b3 $14) 19... gxf5 $11 20. Rdh3 $1 {[%cal Rh3h7]} Rh8 21. Rxh8 Rxh8 22. Rxh8 Kxh8 23. exf5 Bxf5 {[%mdl 4096] Endgame KBN-KBN} 24. Bf3 Bc8 25. b3 (25. Nb5 $1 $11 {keeps the balance.}) 25... Kg7 26. Nb5 $1 {[%cal Rb5a7]} a6 27. Nc7 $2 (27. Na7 $1 $15 Bd7 28. Bxb7) 27... Kg6 $19 28. c3 (28. a4 {was worth a try.} a5 29. Nb5) 28... Kxg5 29. Kd2 f5 30. Ke3 e5 31. Ne8 $2 (31. c4 {keeps fighting.}) 31... d5 32. Nd6 f4+ 33. Kf2 Be6 34. Nxb7 e4 35. Nc5 Bc8 ({Not} 35... exf3 36. Nxe6+ Kg4 37. Nc5 $11) 36. Be2 Kf5 37. Bxa6 $2 (37. a4 e3+ 38. Kf3) 37... Bxa6 38. Nxa6 {KN-KN} Ke5 $2 ({Better is} 38... e3+ $19 39. Kf3 Nd7) 39. Nb4 $11 d4 {[#] ...d3 is the strong threat.} 40. cxd4+ Kxd4 41. Nc6+ Kd3 42. Ne5+ $1 Kd2 {And now ...e3+ would win.} 43. Nc4+ $2 {[%mdl 8192] [#]} (43. a4 $11) 43... Nxc4 {Black mates.} 44. bxc4 {KPP-KPP} e3+ 45. Kf3 e2 46. c5 e1=Q 47. c6 Qe3+ 48. Kg4 Qc5 49. Kxf4 Qxc6 50. Ke5 Qa4 {Accuracy: White = 47%, Black = 70%.} 0-1

[Event "Stay Safe Play From Home 214"]
[Site "T#646695Emanuel Laske"]
[Date "2020.06.10"]
[Round "8"]
[White "Lucknow"]
[Black "SoulofWolf"]
[Result "0-1"]
[WhiteElo "1914"]
[BlackElo "2199"]
[Annotator "TA"]
[PlyCount "44"]
[EventDate "2020.06.10"]
[EventType "swiss (blitz)"]

{[%evp 9,44,28,39,14,53,41,54,29,33,14,45,-5,90,45,48,0,114,20,25,-50,-45,-79,-76,-66,-69,-335,-338,-316,-91,-72,14,-440,-42,-32,-35,-160,-162]} 1. d4 e6 2. c4 d5 3. Nf3 c6 4. e3 Nd7 5. Bd3 Bd6 6. O-O {D30: Queen's Gambit Declined: Systems without Nc3.} f5 7. Nc3 Ne7 {[#]} 8. cxd5 $146 {White is slightly better.} ({Predecessor:} 8. c5 Bc7 9. b4 e5 10. dxe5 Nxe5 11. Nxe5 Bxe5 12. Bb2 O-O 13. Qc2 Qc7 14. f4 Bf6 {1-0 (51) Fakhani,M-Shokr,M Beirut 2003}) 8... cxd5 9. Bd2 O-O 10. Qc2 (10. Nb5 $5 {[%cal Rb5d6]} Nf6 11. Nxd6 Qxd6 12. Ne5 $16) 10... Ng6 (10... Nc6 $11 {remains equal.}) 11. a3 a6 12. b4 b5 (12... Nf6 $11) 13. Rac1 (13. a4 $16) 13... Bb7 14. Be1 (14. a4 $11) 14... Rc8 $15 15. Nd2 Nb6 $1 16. Nb3 Nc4 $1 $40 {[%mdl 128] Black is up to no good.} 17. Bxc4 $2 {[%mdl 8192]} (17. Nc5 $15 Bxc5 18. bxc5) 17... dxc4 $19 ({Inferior is} 17... Rxc4 18. f4 $11) 18. Nc5 {[#]} Bxc5 $2 ({Weaker is} 18... Qh4 19. f4 $15) (18... Bxg2 $1 $19 {[%mdl 512] ( -> ...Bf3)} 19. Kxg2 Nh4+ 20. Kh1 Nf3) 19. dxc5 $17 Qc7 (19... Ne5 $17 {...Nf3+! is the strong threat.} 20. f3 Nd3) 20. Bd2 $2 {[%mdl 8192] [#]} (20. f3 $1 $11) 20... Qc6 $2 (20... Bxg2 $1 $19 {Strongly threatening ...Bf3.} 21. Kxg2 Nh4+ 22. Kh3 Nf3) 21. f3 $1 $15 Ne5 22. Rf2 (22. Ne2 $15) 22... Nd3 {[%mdl 64] Double Attack. Accuracy: White = 29%, Black = 44%.} 0-1

[Event "Stay Safe Play From Home 214"]
[Site "T#646695Emanuel Laske"]
[Date "2020.06.10"]
[Round "8"]
[White "Matanant"]
[Black "Castlingarrocco"]
[Result "0-1"]
[WhiteElo "1616"]
[BlackElo "2064"]
[Annotator "TA"]
[PlyCount "62"]
[EventDate "2020.06.10"]
[EventType "swiss (blitz)"]

{[%evp 9,62,-44,-36,-62,-37,-41,-44,-110,-41,-43,-39,-47,82,0,22,-147,113,40,63,23,46,0,0,0,0,0,0,0,0,0,721,616,945,655,774,665,710,580,568,544,826,597,590,229,218,207,206,155,189,139,208,203,1595,320,746]} 1. b3 g6 2. Bb2 Nf6 3. e4 d6 4. f4 Bg7 5. Nf3 O-O 6. e5 {A02: Bird's Opening.} dxe5 7. fxe5 {[#]} Nd5 $146 ({Predecessor:} 7... Ne8 8. Bc4 e6 9. O-O c6 10. d4 b5 11. Bd3 Nd7 12. a4 b4 13. a5 a6 {1-0 (33) Leong,I (2159)-Lam,T Chiangmai 2013}) 8. c4 (8. Bc4 $15) 8... Nb6 (8... Nb4 $17 9. d4 Bf5) 9. d4 c5 10. d5 N6d7 (10... Bg4 $15 {stays ahead.}) 11. Qe2 (11. Bd3 $16) 11... e6 $11 12. Qe3 $2 (12. dxe6 $11 fxe6 13. Nbd2) 12... Qc7 $2 {[%mdl 8192] [#]} (12... exd5 $1 $17 {keeps the pressure on. ...d4 is the strong threat.} 13. cxd5 Nxe5 14. Nxe5 (14. Bxe5 $2 Re8 $19) 14... Re8) 13. Nbd2 (13. d6 $1 $16 {[%cal Rd6c7]} Qd8 14. h4) 13... exd5 $1 $14 14. cxd5 {Black must now prevent Bc4.} Re8 $1 {[%cal Rd7e5]} 15. Bb5 a6 $1 {[%cal Ra6b5]} 16. Bxd7 Nxd7 17. O-O $36 {[%mdl 2048] Strongly threatening e6. White has good play.} Nxe5 18. Nxe5 Bxe5 19. Bxe5 Qe7 $2 {[%mdl 8192]} (19... Qxe5 $11 20. Qxe5 (20. Qxc5 Be6 $17 {[%mdl 64] Pin}) 20... Rxe5) 20. Nc4 Bf5 21. d6 Qe6 22. Qf4 f6 23. Bb2 b5 24. Nb6 Rad8 25. d7 Re7 {[#]} 26. Nc8 $2 (26. Rfe1 $1 Qxe1+ 27. Rxe1 Rxe1+ 28. Kf2) 26... Rexd7 $18 27. Rae1 Qf7 28. Nb6 Rd2 29. Bc3 R2d6 (29... Rc2 $16) 30. Ba5 Rb8 $2 (30... Rd4 31. Qf3 Qf8) 31. Rd1 $2 (31. Qxd6 Rb7 32. g4) 31... Rxd1 $2 {[%mdl 32768] Accuracy: White = 36%, Black = 38%. . Loss on time!?} (31... Rdxb6 32. Bxb6 Rxb6) 0-1